AH International Schools' Libraries

Life on the Farm : Machines and Tools. (Record no. 49234)

MARC details
000 -LEADER
fixed length control field 00350nam a2200121 4500
020 ## - INTERNATIONAL STANDARD BOOK NUMBER
International Standard Book Number 9781443918107
100 ## - MAIN ENTRY--PERSONAL NAME
Personal name Laurendon, Gilles,
Relator term author.
9 (RLIN) 86501
245 ## - TITLE STATEMENT
Title Life on the Farm : Machines and Tools.
Statement of responsibility, etc written by Gilles Laurendon.
260 ## - PUBLICATION, DISTRIBUTION, ETC. (IMPRINT)
Place of publication, distribution, etc London, UK. :
Name of publisher, distributor, etc Agostini;
Date of publication, distribution, etc 2012.
300 ## - PHYSICAL DESCRIPTION
Extent 24 pages.
650 ## - SUBJECT ADDED ENTRY--TOPICAL TERM
9 (RLIN) 86487
Topical term or geographic name as entry element Farm
942 ## - ADDED ENTRY ELEMENTS (KOHA)
Source of classification or shelving scheme
Koha item type Book
Holdings
Withdrawn status Lost status Source of classification or shelving scheme Damaged status Not for loan Home library Current library Date acquired Total Checkouts Full call number Barcode Date last seen Date checked out Price effective from Koha item type
          Logos International School Logos International School 08/11/2025 1 J 630 LAU 042834 12/03/2025 11/17/2025 08/11/2025 Book

For any Logos Library related questions please contact Miss Art at swongnarasuk@asianhope.org.

For any Asian Hope Library related questions please contact Miss Raza at graza@asianhope.org.

Powered by Koha